Introduction to Materials Science for Engineers /

Na minha lista:
Detalhes bibliográficos
Autor principal: Shackelford, James F. (Author)
Formato: Livro
Idioma:inglês
Publicado em: Boston Pearson 2016
Edição:8th Ed./Global Ed.
Assuntos:
Tags: Adicionar Tag
Sem tags, seja o primeiro a adicionar uma tag!

MARC

LEADER 00000nam a22000003a 4500
001 0099156
003 SK-STU
005 20221214103952.5
007 ta
008 221214s ----xo-----e------000-0-----d
020 |a 978-0-273-79340-3 
040 |a STU  |b slo 
041 0 |a eng 
044 |a xxu 
100 1 |a Shackelford, James F.  |4 aut 
245 1 0 |a Introduction to Materials Science for Engineers /  |c aut. James F Shackelford 
250 |a 8th Ed./Global Ed. 
260 |a Boston  |b Pearson  |c 2016 
300 |a 617 s.+príl. 
650 0 7 |a materiálové vedy 
996 |b 284M089208  |c M* 14695-1  |l MMST  |s A  |a 24  |w 0099156_0001